一郡一町・一郡一村 - Statistics

General Stats
  • This quiz has been taken 105 times
  • The average score is 75 of 150
Answer Stats
都道府県 郡名 町村名 % Correct
北海道 久遠郡 せたな町
81%
北海道 礼文郡 礼文町
81%
北海道 浦河郡 浦河町
79%
北海道 増毛郡 増毛町
78%
北海道 様似郡 様似町
78%
北海道 積丹郡 積丹町
76%
北海道 日高郡 新ひだか町
76%
北海道 白老郡 白老町
74%
北海道 釧路郡 釧路町
74%
北海道 奥尻郡 奥尻町
72%
北海道 新冠郡 新冠町
72%
北海道 白糠郡 白糠町
72%
新潟県 刈羽郡 刈羽村
71%
北海道 二海郡 八雲町
69%
北海道 古平郡 古平町
69%
北海道 島牧郡 島牧村
69%
北海道 亀田郡 七飯町
64%
神奈川県 三浦郡 葉山町
64%
北海道 宗谷郡 猿払村
62%
岩手県 和賀郡 西和賀町
62%
福井県 南条郡 南越前町
62%
岐阜県 養老郡 養老町
62%
北海道 幌泉郡 えりも町
60%
岩手県 西磐井郡 平泉町
60%
宮城県 牡鹿郡 女川町
60%
神奈川県 高座郡 寒川町
60%
北海道 野付郡 別海町
59%
新潟県 北蒲原郡 聖籠町
59%
広島県 神石郡 神石高原町
59%
新潟県 南魚沼郡 湯沢町
57%
福井県 今立郡 池田町
57%
福井県 三方上中郡 若狭町
57%
静岡県 周智郡 森町
57%
岡山県 和気郡 和気町
57%
山口県 阿武郡 阿武町
57%
宮城県 本吉郡 南三陸町
55%
山形県 飽海郡 遊佐町
55%
茨城県 久慈郡 大子町
55%
新潟県 中魚沼郡 津南町
55%
福井県 吉田郡 永平寺町
55%
兵庫県 佐用郡 佐用町
55%
熊本県 天草郡 苓北町
55%
北海道 山越郡 長万部町
53%
岩手県 二戸郡 一戸町
53%
秋田県 北秋田郡 上小阿仁村
53%
新潟県 東蒲原郡 阿賀町
53%
福井県 丹生郡 越前町
53%
三重県 員弁郡 東員町
53%
三重県 北牟婁郡 紀北町
53%
滋賀県 愛知郡 愛荘町
53%
大阪府 三島郡 島本町
53%
広島県 世羅郡 世羅町
53%
山口県 大島郡 周防大島町
53%
徳島県 三好郡 東みよし町
53%
愛媛県 南宇和郡 愛南町
53%
佐賀県 東松浦郡 玄海町
53%
熊本県 下益城郡 美里町
53%
大分県 東国東郡 姫島村
53%
北海道 瀬棚郡 今金町
52%
北海道 留萌郡 小平町
52%
秋田県 鹿角郡 小坂町
52%
千葉県 安房郡 鋸南町
52%
福井県 三方郡 美浜町
52%
愛知県 額田郡 幸田町
52%
三重県 桑名郡 木曽岬町
52%
兵庫県 多可郡 多可町
52%
北海道 目梨郡 羅臼町
50%
新潟県 三島郡 出雲崎町
50%
新潟県 西蒲原郡 弥彦村
50%
石川県 鹿島郡 中能登町
50%
京都府 乙訓郡 大山崎町
50%
京都府 船井郡 京丹波町
50%
鳥取県 岩美郡 岩美町
50%
徳島県 那賀郡 那賀町
50%
愛媛県 西宇和郡 伊方町
50%
岩手県 気仙郡 住田町
48%
岩手県 上閉伊郡 大槌町
48%
兵庫県 赤穂郡 上郡町
48%
奈良県 山辺郡 山添村
48%
愛媛県 上浮穴郡 久万高原町
48%
埼玉県 北足立郡 伊奈町
47%
新潟県 南蒲原郡 田上町
47%
岐阜県 可児郡 御嵩町
47%
岡山県 英田郡 西粟倉村
47%
山口県 玖珂郡 和木町
47%
大分県 速見郡 日出町
47%
鹿児島県 薩摩郡 さつま町
47%
北海道 有珠郡 壮瞥町
45%
北海道 阿寒郡 鶴居村
45%
岩手県 胆沢郡 金ケ崎町
45%
山形県 北村山郡 大石田町
45%
石川県 能美郡 川北町
45%
大阪府 泉北郡 忠岡町
45%
島根県 仁多郡 奥出雲町
45%
佐賀県 神崎郡 吉野ヶ里町
45%
北海道 磯谷郡 蘭越町
43%
青森県 中津軽郡 西目屋村
43%
茨城県 那珂郡 東海村
43%
岐阜県 本巣郡 北方町
43%
愛知県 西春日井郡 豊山町
43%
京都府 久世郡 久御山町
43%
岡山県 浅口郡 里庄町
43%
広島県 豊田郡 大崎上島町
43%
香川県 木田郡 三木町
43%
香川県 香川郡 直島町
43%
佐賀県 西松浦郡 有田町
43%
長崎県 南松浦郡 新上五島町
43%
秋田県 仙北郡 美郷町
41%
福島県 安達郡 大玉村
41%
岐阜県 大野郡 白川村
41%
静岡県 田方郡 函南町
41%
愛知県 愛知郡 東郷町
41%
兵庫県 揖保郡 太子町
41%
岡山県 都窪郡 早島町
41%
岡山県 真庭郡 新庄村
41%
熊本県 八代郡 氷川町
41%
茨城県 結城郡 八千代町
40%
茨城県 北相馬郡 利根町
40%
山梨県 中巨摩郡 昭和町
40%
岡山県 苫田郡 鏡野町
40%
岡山県 加賀郡 吉備中央町
40%
徳島県 名東郡 佐那河内村
40%
愛媛県 越智郡 上島町
40%
愛媛県 喜多郡 内子町
40%
福岡県 三井郡 大刀洗町
40%
福岡県 八女郡 広川町
40%
鹿児島県 出水郡 長島町
40%
宮城県 伊具郡 丸森町
38%
栃木県 河内郡 上三川町
38%
群馬県 佐波郡 玉村町
38%
長野県 下水内郡 栄村
38%
兵庫県 川辺郡 猪名川町
38%
北海道 爾志郡 乙部町
36%
山梨県 西八代郡 市川三郷町
36%
長野県 埴科郡 坂城町
36%
島根県 飯石郡 飯南町
36%
徳島県 美馬郡 つるぎ町
36%
和歌山県 海草郡 紀美野町
34%
佐賀県 藤津郡 太良町
34%
宮崎県 北諸県郡 三股町
34%
北海道 十勝郡 浦幌町
33%
鹿児島県 姶良郡 湧水町
33%
鹿児島県 曽於郡 大崎町
33%
埼玉県 大里郡 寄居町
31%
埼玉県 南埼玉郡 宮代町
31%
福岡県 嘉穂郡 桂川町
31%
宮崎県 西諸県郡 高原町
31%
沖縄県 宮古郡 多良間村
31%
岡山県 小田郡 矢掛町
29%
福岡県 三潴郡 大木町
28%
No matching quizzes found
Score Distribution
Percent of People with Each Score
Percentile by Number Answered
Your Score History
You have not taken this quiz